书目信息 |
| 题名: |
董海川八卦搏击连环掌
|
|
| 作者: | 李功成 著 | |
| 分册: | ||
| 出版信息: | 北京 人民中国出版社 1999.05 |
|
| 页数: | 322页 | |
| 开本: | 20cm | |
| 丛书名: | 董海川八卦掌秘诀精粹丛书 | |
| 单 册: | ||
| 中图分类: | G852.16 | |
| 科图分类: | ||
| 主题词: | 民间--动作--中国 , 民间 , 武术 , 民族形式体育 | |
| 电子资源: | ||
| ISBN: | 7-80065-687-x | |
| 000 | 00921oam2 2200289 450 | |
| 001 | 003033009 | |
| 005 | 20080108211024.29 | |
| 010 | @a7-80065-687-x@dCNY20.00 | |
| 100 | @a20050119d1999 em y0chiy0110 ea | |
| 101 | 0 | @achi |
| 102 | @aCN@b110000 | |
| 105 | @aa z 000yy | |
| 200 | 1 | @a董海川八卦搏击连环掌@Adong hai chuan ba gua bo ji lian huan zhang@f李功成著 |
| 210 | @a北京@c人民中国出版社@d1999.05 | |
| 215 | @a322页@c照片@d20cm | |
| 225 | 2 | @a董海川八卦掌秘诀精粹丛书@v4 |
| 330 | @a本套书主要内容包括:八卦掌概述,八卦掌基本动作,定式八卦,老八掌等。 | |
| 461 | 0 | @1461 0@a12001@a董海川八卦掌秘诀精粹丛书 |
| 606 | 0 | @a民间@x动作@y中国 |
| 606 | 0 | @a民间 |
| 606 | 0 | @a武术 |
| 606 | 0 | @a民族形式体育 |
| 690 | @aG852.16@v4 | |
| 701 | 0 | @a李功成@9Li Gong Cheng@4著 |
| 801 | 0 | @aCN@bJiuFeng@c20080108 |
| 905 | @aBZT@dG852.16@e1 | |
| 906 | @dCNY20.00@h046271@h046272@h046273@h046274@h046275@n0@r1 | |
| 董海川八卦搏击连环掌/李功成著.-北京:人民中国出版社,1999.05 |
| 322页:照片;20cm.-(董海川八卦掌秘诀精粹丛书;4) |
| ISBN 7-80065-687-x:CNY20.00 |
| 本套书主要内容包括:八卦掌概述,八卦掌基本动作,定式八卦,老八掌等。 |
| ● |
| 相关链接 |
|
|
|
正题名:董海川八卦搏击连环掌
索取号:G852.16/1
 
预约/预借
| 序号 | 登录号 | 条形码 | 馆藏地/架位号 | 状态 | 备注 |
| 1 | 615235 | 2000615235 | 中心书库北库/ 北库025架B面3列4层40/ [索取号:G852.16/1] | 在馆 | |
| 2 | 615236 | 2000615236 | 中心书库北库/ 北库025架B面3列4层37/ [索取号:G852.16/1] | 在馆 | |
| 3 | 615237 | 2000615237 | 中心书库北库/ 北库025架B面3列4层41/ [索取号:G852.16/1] | 在馆 | |
| 4 | 615238 | 2000615238 | 中心书库北库/ 北库026架A面3列4层41/ [索取号:G852.16/1] | 在馆 | |
| 5 | 615239 | 2000615239 | 中心书库北库/ 北库025架B面3列4层44/ [索取号:G852.16/1] | 在馆 | |
| 6 | 615240 | 2000615240 | 中心书库北库/ 北库025架B面3列4层42/ [索取号:G852.16/1] | 在馆 | |
| 7 | 615241 | 2000615241 | 中心书库北库/ 北库026架A面3列4层40/ [索取号:G852.16/1] | 在馆 | |
| 8 | 615242 | 2000615242 | 中心书库北库/ 北库025架B面3列4层43/ [索取号:G852.16/1] | 在馆 | |
| 9 | 615243 | 2000615243 | 中心书库北库/ 北库025架B面3列4层38/ [索取号:G852.16/1] | 在馆 | |
| 10 | 615244 | 2000615244 | 中心书库北库/ 北库025架B面3列4层39/ [索取号:G852.16/1] | 在馆 |